Länder mit Amerikanischen Militärbasen - Statistiken

Allgemein
  • Dieses Quiz wurde 60 mal gespielt
    16 seit der letzten Aktualisierung
  • Das Durchschnittsergebnis liegt bei 13 aus 32
Antwortstatistiken
Kontinent Land % Korrekt
Europa Deutschland
100%
Europa Frankreich
77%
Europa Italien
77%
Europa Spanien
77%
Asien Japan
69%
Europa Polen
69%
Europa Griechenland
54%
Asien Irak
54%
Europa Rumänien
54%
Asien Türkei
54%
Asien Katar
46%
Ozeanien Neuseeland
46%
Südamerika Peru
46%
Asien Südkorea
46%
Europa Bulgarien
38%
Südamerika Kolumbien
38%
Nord- Mittelamerika Kuba
38%
Asien Kuwait
38%
Asien Philippinen
38%
Asien Israel
31%
Asien Bahrain
23%
Nord- Mittelamerika Honduras
23%
Afrika Kenia
23%
Südamerika Paraguay
23%
Asien Syrien
23%
Afrika Dschibuti
15%
Nord- Mittelamerika El Salvador
15%
Europa Kosovo
15%
Afrika Somalia
15%
Asien Georgien
8%
Südamerika Curaçao
0%
Nord- Mittelamerika Grönland
0%
Keine übereinstimmenden Quizze gefunden
Verteilung der Resultate
Anzahl Personen mit jedem Resultat
Perzentil nach korrekt beantworteten Fragen
Ihre Resultats-Entwicklung
Sie haben dieses Quiz seit der letzten Aktualisierung nicht gespielt